000 00554cam a2200169 4500
008 150928n 000 0 eng u
020 _a9780939773749
035 _a(Sirsi) a192742
050 _aVM 159 MOO 2010
100 _aMoore, Colin S.
245 _aInstant stability/
_cColin S. Moore
260 _aNew Jersey:
_bThe society of naval architects and marine engineers,
_c2010
300 _ax, 82p.:
_bill.
440 _aThe principles of naval architecture series
504 _aIncludes bibliographical references
650 _astability of ships
999 _c124942
_d124942